| 000 | 00741cam a2200181 4500 | ||
|---|---|---|---|
| 001 | ABS65957 | ||
| 008 | 020927n2002 000 0 eng u | ||
| 035 | _a(Sirsi) u119877 | ||
| 100 | _aKershaw, N | ||
| 245 | 4 | _aThe right channel | |
| 260 | _c2002 | ||
| 490 |
_aProperty Week _v67(30) 2 August 2002, 27-28(2) |
||
| 520 | _aLooks at how the taxman can be prevented from taking a large part of the income from property investments, as people switch from poor-performing equities. Highlights limited partnerships, unit trusts, limited companies, and tax mitigation. Particularly examines the situation regarding Jersey and offshore structures. | ||
| 590 | _aABS | ||
| 650 | _aOFFSHORE INVESTMENTS | ||
| 690 | _aINVESTMENT | ||
| 942 | _n0 | ||
| 999 |
_c71247 _d71247 |
||